42 Legendary Jazz Artists - Statistics

General Stats
  • This quiz has been taken 132 times
  • The average score is 16 of 42
Answer Stats
Birth Year Answer % Correct
1901 Louis Armstrong
88%
1926 Miles Davis
87%
1926 John Coltrane
76%
1937 Alice Coltrane
73%
1917 Ella Fitzgerald
71%
1899 Duke Ellington
69%
1922 Charles Mingus
65%
1915 Billie Holiday
64%
1920 Charlie Parker
64%
1919 Nat King Cole
56%
1917 Thelonious Monk
55%
1904 Count Basie
49%
1929 Chet Baker
46%
1917 Dizzy Gillespie
46%
1915 Frank Sinatra
46%
1930 Sonny Rollins
40%
1919 Art Blakey
39%
1929 Bill Evans
39%
1920 Dave Brubeck
39%
1940 Herbie Hancock
39%
1927 Stan Getz
38%
1930 Ornette Coleman
34%
1933 Nina Simone
30%
1941 Chick Corea
25%
1927 Elvin Jones
25%
1910 Mary Lou Williams
22%
1924 Max Roach
22%
1909 Art Tatum
21%
1909 Lester Young
21%
1933 Wayne Shorter
21%
1945 Tony Williams
19%
1904 Coleman Hawkins
18%
1924 J. J. Johnson
18%
1926 Ray Brown
18%
1923 Wes Montgomery
18%
1945 Keith Jarrett
16%
1954 Pat Metheny
13%
1910 Django Reinhardt
12%
1924 Bud Powell
11%
1925 Art Pepper
10%
1916 Charlie Christian
10%
1936 Carla Bley
2%
No matching quizzes found
Score Distribution
Percent of People with Each Score
Percentile by Number Answered
Your Score History
You have not taken this quiz